<?xml version="1.0" encoding="UTF-8"?>
<record
    xmlns:xsi="http://www.w3.org/2001/XMLSchema-instance"
    xsi:schemaLocation="http://www.loc.gov/MARC21/slim http://www.loc.gov/standards/marcxml/schema/MARC21slim.xsd"
    xmlns="http://www.loc.gov/MARC21/slim">

  <leader>00925aaa a2200229 a 4500</leader>
  <controlfield tag="001">78809</controlfield>
  <controlfield tag="003">BD-RjUL</controlfield>
  <controlfield tag="005">20211209083157.0</controlfield>
  <controlfield tag="008">211116s1993    ua ||||| |||| 00| 0bara d</controlfield>
  <datafield tag="035" ind1=" " ind2=" ">
    <subfield code="a">(BD-RjUL)79036</subfield>
  </datafield>
  <datafield tag="040" ind1=" " ind2=" ">
    <subfield code="a">BD-RjUL</subfield>
    <subfield code="b">eng</subfield>
    <subfield code="c">BD-RjUL</subfield>
  </datafield>
  <datafield tag="041" ind1=" " ind2=" ">
    <subfield code="a">ara</subfield>
  </datafield>
  <datafield tag="082" ind1=" " ind2=" ">
    <subfield code="2">23</subfield>
    <subfield code="a">340.59</subfield>
    <subfield code="b">ABA 1993</subfield>
  </datafield>
  <datafield tag="100" ind1="1" ind2=" ">
    <subfield code="a"> &#x623;&#x628;&#x648; &#x632;&#x647;&#x631;&#x629;,  &#x645;&#x62D;&#x645;&#x62F; ;; Abu Zahra,  Muhammed </subfield>
    <subfield code="9">250131</subfield>
  </datafield>
  <datafield tag="245" ind1="1" ind2="4">
    <subfield code="a">&#x627;&#x644;&#x627;&#x645;&#x627;&#x645; &#x627;&#x644;&#x635;&#x627;&#x62F;&#x642; &#x62D;&#x64A;&#x627;&#x62A;&#x647; &#x648;&#x639;&#x635;&#x631;&#x647; &#x648;&#x627;&#x631;&#x627;&#x624;&#x647; &#x648;&#x641;&#x642;&#x647;/ &#x645;&#x62D;&#x645;&#x62F; &#x627;&#x628;&#x648;&#x632;&#x647;&#x631;&#x629; ;; alamam alsaadiq hayaatah waeasrah -arawuh wafiqah /</subfield>
    <subfield code="c"> Muhammad Abu Zahra;;  &#x645;&#x62D;&#x645;&#x62F; &#x623;&#x628;&#x648; &#x632;&#x647;&#x631;&#x629; </subfield>
  </datafield>
  <datafield tag="260" ind1=" " ind2=" ">
    <subfield code="a">&#x627;&#x644;&#x642;&#x627;&#x647;&#x631;&#x629;: </subfield>
    <subfield code="b">&#x645;&#x637;&#x628;&#x639;&#x629; &#x627;&#x62D;&#x645;&#x62F; &#x639;&#x644;&#x64A; &#x645;&#x64A;&#x645;&#x648;&#x646;&#x647; ;; matbaeat aihmad eali mimunah, </subfield>
    <subfield code="c">1993</subfield>
  </datafield>
  <datafield tag="300" ind1=" " ind2=" ">
    <subfield code="a">&#x635;&#x641;&#x62D;&#x629;&#x60C; 567.</subfield>
    <subfield code="c"> 24 &#x633;&#x645;.</subfield>
  </datafield>
  <datafield tag="650" ind1=" " ind2=" ">
    <subfield code="a"> &#x641;&#x642;&#x647; &#x627;&#x633;&#x644;&#x627;&#x645;&#x64A;</subfield>
    <subfield code="v">&#x645;&#x632;&#x627;&#x647;&#x628;</subfield>
    <subfield code="9">250132</subfield>
  </datafield>
  <datafield tag="650" ind1=" " ind2=" ">
    <subfield code="a">Islamic jurisprudence </subfield>
    <subfield code="v"> Mozahib</subfield>
    <subfield code="9">250133</subfield>
  </datafield>
  <datafield tag="650" ind1=" " ind2=" ">
    <subfield code="a">Islamic Law</subfield>
    <subfield code="9">250134</subfield>
  </datafield>
  <datafield tag="942" ind1=" " ind2=" ">
    <subfield code="2">ddc</subfield>
    <subfield code="c">BK</subfield>
  </datafield>
  <datafield tag="999" ind1=" " ind2=" ">
    <subfield code="c">78809</subfield>
    <subfield code="d">78809</subfield>
  </datafield>
  <datafield tag="952" ind1=" " ind2=" ">
    <subfield code="0">0</subfield>
    <subfield code="1">0</subfield>
    <subfield code="2">ddc</subfield>
    <subfield code="4">0</subfield>
    <subfield code="7">1</subfield>
    <subfield code="8">NFIC</subfield>
    <subfield code="a">RUCL</subfield>
    <subfield code="b">RUCL</subfield>
    <subfield code="c">Reading</subfield>
    <subfield code="d">2021-11-16</subfield>
    <subfield code="l">0</subfield>
    <subfield code="o">A 340.59 ABA 1993</subfield>
    <subfield code="r">2021-11-16 00:00:00</subfield>
    <subfield code="t">C-1</subfield>
    <subfield code="w">2021-11-16</subfield>
    <subfield code="y">BK</subfield>
  </datafield>
</record>
